00226nam a22000977a 4500008004100000082001800041100000800059245003000067260002200097300000900119230620b xxu||||| |||| 00| 0 eng d a316.6762bCBS cCBS aStatistical Abstract 2001 aKenyabKNBSc2003 a335p